ბათუმის შოთა რუსთაველის სახელმწიფო უნივერსიტეტის ბიბლიოთეკა

სამოქალაქო საქმეთა განხილვა პირველი ინსტანციის სასამართლოში / (ბიბ.ჩანაწერი № 36649)

000 -ლიდერი
ფიქსირებული სიგრძის საკონტროლო ველი 01070nam a2200229Ia 4500
001 - საკონტროლო ნომერი
საკონტროლო ველი 2569
003 - საკონტროლო ნომრის იდენტიფიკატორი
საკონტროლო ველი GE_BSU
005 - ბოლო ოპერაციის თარიღი და დრო
საკონტროლო ველი 20230919124612.0
008 - ფიქსირებული სიგრძის მონაცემთა ელემენტები - ზოგადი ინფორმაცია
ფიქსირებული სიგრძის საკონტროლო ველი 181216s2005||||ge |||||||||||||| ||geo||
020 ## - წიგნის საერთაშორისო სტანდარტული ნომერი
International Standard Book Number 879992832827
040 ## - კატალოგიზაციის წყარო
Transcribing agency GE_BSU
080 ## - უნივერსალური ათობითი კლასიფიკაციის ინდექსი
Universal Decimal Classification number 347. 934.6
100 ## - მთავარი ჩანაწერი - პიროვნების სახელი
Personal name ქურდაძე, შალვა.
9 (RLIN) 9257
245 ## - ცნობა სათაურის შესახებ
Title სამოქალაქო საქმეთა განხილვა პირველი ინსტანციის სასამართლოში /
Statement of responsibility, etc შალვა ქურდაძე; [რედ.: ავთანდილ კობახიძე].
264 ## - წარმოების, გამოცემის, დისტრიბუციის და სხვა ცნობები
გამოცემის, წარმოების, დისტრიბუციის... ადგილი თბილისი :
გამოცემის, წარმოების, დისტრიბუციის... სახელწოდება მერიდიანი,
გამოცემის, წარმოების, დისტრიბუციის... თარიღი 2005.
300 ## - ფიზიკური აღწერა
Extent 872 გვ.;
Other physical details 20 სმ.
653 ## - INDEX TERM--UNCONTROLLED
Uncontrolled term სამოქალაქო საქმეთა განხილვა
653 ## - INDEX TERM--UNCONTROLLED
Uncontrolled term პირველი ინსტანციის სასამართლო
700 ## - ADDED ENTRY--PERSONAL NAME
Personal name კობახიძე, ავთანდილ
Relator term რედაქტორი
9 (RLIN) 7026
942 ## - ADDED ENTRY ELEMENTS (KOHA)
Koha item type წიგნი
Source of classification or shelving scheme
ეგზემპლარები
ჩამოწერის სტატუსი დაკარგული ეგზემპლარის სტატუსი კლასიფიკაციის წყარო ან თაროზე გაწყობის სქემა დაზიანების სტატუსი არ გაიცემა მუდმივი მდებარეობა (დაცვის ადგილი) ამჟამინდელი ადგილსამყოფელი შეძენის თარიღი ღირებულება, შესყიდვის ნორმალური ფასი სრული შენახვის შიფრი შტრიხკოდი ბოლო ოპერაციის თარიღი ეგზემპლარის მიმდევრობითი ნომერი (კეტერი?) ფასის ძალაში შესვლის თარიღი ეგზემპლარის სახეობა საჯარო შენიშვნა
          ბათუმის შოთა რუსთაველის სახელმწიფო უნივერსიტეტის მთავარი ბიბლიოთეკა ბათუმის შოთა რუსთაველის სახელმწიფო უნივერსიტეტის მთავარი ბიბლიოთეკა 2018-12-17 37.00 347. 934.6 3528 2018-12-17 3528 2018-12-17 წიგნი 37 ლ.